| 000 | 00533cab a2200193 4500 | ||
|---|---|---|---|
| 001 | X2365 | ||
| 008 | 090401t1995 xxu||||| |||| 00| 0 eng d | ||
| 035 | _a(Sirsi) u23659 | ||
| 041 | _aeng | ||
| 245 | _aRICS survey : property confidence points to further industrial growth | ||
| 260 | _c1995 | ||
| 350 | _a0 | ||
| 490 |
_aCSM (Chartered Surveyor Monthly) _v4(7) May 1995, 61(1) |
||
| 650 | _aINDUSTRIAL | ||
| 650 | _aPROPERTY CONFIDENCE SURVEY | ||
| 690 | _aPROPERTY-COMMERCIAL PROPERTY | ||
| 942 | _n0 | ||
| 948 | _c04/03/1997 | ||
| 999 |
_c15833 _d15833 |
||